| 000 | 00439nam a2200181Ia 4500 | ||
|---|---|---|---|
| 005 | 20240823031456.0 | ||
| 008 | 240823s9999||||xx |||||||||||||| ||und|| | ||
| 041 | _aENGLISH | ||
| 082 | _A621.3192N8 | ||
| 100 | _aArumugam M & Prema Kumaran.N | ||
| 245 | 0 | _aElectric Circuit Theory | |
| 250 | _a4th | ||
| 260 |
_c1998 _b"Khanna,New " |
||
| 500 | _aYES | ||
| 650 |
_aElectric Circuits _bElectrical |
||
| 942 | _cBK | ||
| 999 |
_c191162 _d191162 |
||